nD modelling (Record no. 110347)

MARC details
000 -LEADER
fixed length control field 01473cam a2200325 4500
001 - CONTROL NUMBER
control field L149044
008 - FIXED-LENGTH DATA ELEMENTS--GENERAL INFORMATION
fixed length control field 040820n2005 000 0 eng u
020 ## - INTERNATIONAL STANDARD BOOK NUMBER
International Standard Book Number 1842192000
022 ## - INTERNATIONAL STANDARD SERIAL NUMBER
International Standard Serial Number 1464-648X
035 ## - SYSTEM CONTROL NUMBER
System control number (Sirsi) u149044
041 ## - LANGUAGE CODE
Language code of text/sound track or separate title eng
050 ## - LIBRARY OF CONGRESS CALL NUMBER
Classification number 690.0285
-- 18
100 ## - MAIN ENTRY--PERSONAL NAME
Personal name Lee, Angela
245 ## - TITLE STATEMENT
Title nD modelling
Remainder of title a driver or enabler for construction improvement? (part 2 - Workshop findings)
260 ## - PUBLICATION, DISTRIBUTION, ETC.
Place of publication, distribution, etc. London
Name of publisher, distributor, etc. RICS
Date of publication, distribution, etc. 2005
490 ## - SERIES STATEMENT
Series statement RICS Research Paper Series
Volume/sequential designation 5(6) April 2005
520 ## - SUMMARY, ETC.
Summary, etc. Paper explores the concept of nD modelling; lays out the nD modelling opportunities and barriers for the implementation within a business context and concludes by examining whether it can be applied industry-wide or remain a PR tool for the big players in the industry. Suggests that the nD modelling approach is ideal, but not achievable in the short term, largely due to the industry's unwillingness to work together in an interdisciplinary way.
590 ## - LOCAL NOTE (RLIN)
Local note IKA190505
651 #4 - SUBJECT ADDED ENTRY--GEOGRAPHIC NAME
Geographic name ENGLAND AND WALES
690 ## - LOCAL SUBJECT ADDED ENTRY--TOPICAL TERM (OCLC, RLIN)
Topical term or geographic name as entry element BUILT ENVIRONMENT-CONSTRUCTION DESIGN
700 ## - ADDED ENTRY--PERSONAL NAME
Personal name Wu, Song
700 ## - ADDED ENTRY--PERSONAL NAME
Personal name Marshall-Ponting, Amanda
700 ## - ADDED ENTRY--PERSONAL NAME
Personal name Aouad, Ghassan
700 ## - ADDED ENTRY--PERSONAL NAME
Personal name Cooper, Rachel
700 ## - ADDED ENTRY--PERSONAL NAME
Personal name Changfeng, Fu
700 ## - ADDED ENTRY--PERSONAL NAME
Personal name Tah, Joseph
710 ## - ADDED ENTRY--CORPORATE NAME
Corporate name or jurisdiction name as entry element Royal Institution of Chartered Surveyors
Subordinate unit Research
9 (RLIN) 4902
856 ## - ELECTRONIC LOCATION AND ACCESS
Uniform Resource Identifier <a href="https://www.rics.org/site/download_feed.aspx?fileID=5416">https://www.rics.org/site/download_feed.aspx?fileID=5416</a>
Public note View the item free of charge at www.rics.org...
942 ## - ADDED ENTRY ELEMENTS (KOHA)
Suppress in OPAC 0
Holdings
Withdrawn status Lost status Source of classification or shelving scheme Damaged status Not for loan Home library Current library Shelving location Date acquired Total Checkouts Full call number Barcode Date last seen Copy number Price effective from Koha item type
    Dewey Decimal Classification     Virtual Virtual Online 16/12/2009   ONLINE PUBLICATIONS 149044-2001 06/08/2019 1 06/08/2019 Book